Statistics for Winnipeg James Armstrong Richardson Destinations (Winnipeg, Canada)

Click here to take the quiz!

General Stats

  • This quiz has been taken 19 times
  • The average score is 21 of 53

Answer Stats

AirlineDestination% Correct
Air Canada Express/Flair Airlines/Lynx Air/WestJetCalgary
100%
WestJetHalifax
100%
Air Canada/Air Canada ExpressMontreal (Trudeau)
100%
Air Canada Express/Flair Airlines/WestJetOttawa
100%
Air Canada/Lynx Air/WestJetVancouver
100%
Air Canada/Sunwing Airlines/WestJetCancun
93%
Flair Airlines/WestJetEdmonton
93%
Air Canada/Flair Airlines/Lynx Air/WestJetToronto (Pearson)
93%
Flair Airlines/WestJetVictoria
93%
WestJetLos Angeles
80%
Delta Air LinesMinneapolis/St. Paul
80%
WestJet EncoreRegina
73%
WestJet EncoreSaskatoon
73%
SwoopHamilton
67%
WestJetLas Vegas
67%
WestJet EncoreThunder Bay
67%
Flair AirlinesLondon (ON)
60%
WestJetOrlando
60%
Calm AirChurchill
53%
Flair Airlines/WestJetKelowna
47%
Sunwing Airlines/WestJetMontego Bay
47%
Sunwing Airlines/Swoop/WestJetPuerto Vallarta
47%
SwoopPhoenix/Mesa
40%
WestJetPhoenix (Sky Harbor)
40%
Sunwing AirlinesPunta Cana
40%
Flair Airlines/SwoopAbbotsford
33%
WestJetAtlanta
33%
Sunwing AirlinesSan Jose del Cabo
33%
Flair AirlinesKitchener/Waterloo
27%
Calm Air/Perimeter AviationThompson
27%
Sunwing AirlinesVaradero
27%
Calm AirFlin Flon
20%
Calm AirRankin Inlet
20%
Calm AirThe Pas
20%
WestJetPalm Springs
13%
Perimeter AviationCross Lake
7%
Calm AirGillam
7%
Perimeter AviationGods Lake Narrows
7%
Perimeter AviationGods River
7%
Bearskin AirlinesKenora
7%
Sunwing AirlinesMazatlan
7%
Perimeter AviationNorway House
7%
Perimeter AviationOxford House
7%
Bearskin AirlinesRed Lake
7%
Perimeter AviationRed Sucker Lake
7%
Perimeter AviationDeer Lake
0%
Perimeter AviationGarden Hill
0%
Perimeter AviationNorth Spirit Lake
0%
Perimeter AviationPikangikum
0%
Perimeter AviationSandy Lake
0%
Calm AirSanikiluaq
0%
Perimeter AviationShamattawa
0%
Perimeter AviationSt. Theresa Point
0%

Score Distribution

Percentile by Number Answered

Percent of People with Each Score

Your Score History

You have not taken this quiz